Contratos de locación

Spremljeno u:
Bibliografski detalji
Glavni autor: Leiva Fernández, Luis F (Autor)
Format: Knjiga
Jezik:španjolski
Izdano: Buenos Aires Abeledo-Perrot 1994
Izdanje:1a. ed
Serija:Reformas al Código Civil, 8
Teme:
Oznake: Dodaj oznaku
Bez oznaka, Budi prvi tko označuje ovaj zapis!

MARC

LEADER 00000cam a2200000 a 4500
001 UCD4050
003 CL-VaPUC
008 160623e19941103ag |||||||||||||||||spa|d
020 |a 9502008316 
082 0 4 |a 346.8202  |b LEI  |2 21 
100 |a Leiva Fernández, Luis F  |e author  |9 587679 
245 1 0 |a Contratos de locación 
250 |a 1a. ed 
300 |a 311 p 
942 |c BK 
945 |d 20160623 20:48:00  |a arojas 
260 |a Buenos Aires  |b Abeledo-Perrot  |c 1994 
650 0 |a Derecho civil argentino  |9 398477 
650 0 |a Código civil argentino  |9 395109 
650 0 |a Contratos  |9 255153 
583 |a last modification  |c 20160623 20:48:00  |k Rodrigo Vera 
490 0 |a Reformas al Código Civil, 8 
999 |c 365023  |d 365021 
952 |0 0  |1 0  |3 erd  |4 0  |6 346_820200000000000_LEI_1994  |7 0  |8 A  |9 478715  |a BIBDER  |b BIBDER  |i 5313619  |o 346.8202 LEI 1994  |p 5313619  |r 2023-01-25  |w 2019-11-24  |y BK  |z Catalogado en:20160623  |k DER